00689nam a2200181 i 450000100060000000300090000600500170001500700030003200800410003510000360007624500540011226000770016630000350024350000580027885200320033699900170036895201220038522799ES-MaACL20230906152746.0t|021204s1964 sp ||||1| spa d1 aAlvarez Requejo, Sergio.92093013aEl cultivo frutal / cpor Sergio Alvarez Requejo. aOviedo : b[s.n., c1964] (fImp. del Boletín Oficial de la Provincia) aXII, 388 p. : bil. ; c23 cm. aPrecede al tít.: Diputación Provincial de Oviedo. aES-MaACLjC-25371 bR.53939 c22799d22799 00104070aATENEOMbATENEOMcDEPO2d2008-01-17eSCl0oC-25371p1023477r2023-02-23 00:00:00w2023-02-23yMONOGRAFIA